000 00608nam a2200229Ia 4500
005 20250508163622.0
008 008 250505s9999 xx 000 0 eng d
037 _aReference
040 _aFEDL
_beng
_cFEDL
041 _aeng
_2eng
084 _a157, WHI
_qFEDL
100 _aWhite Robert W
245 0 _aAbnormal Personality
250 _a5
260 _aNew York, USA
_bJohn Wiley and Sons, Inc.
_c1981
300 _axiii, 793p.
365 _aUSD
_b14.1
650 _aAbnormal psychology
700 _a Watt Norman F
_9775788
942 _cREF
_h157, WHI
999 _c1384378
_d1384378